|
|
|
|
| LEADER |
01272nam a22002897a 4500 |
| 001 |
33741 |
| 003 |
BD-DhAAL |
| 005 |
20181024123542.0 |
| 008 |
180911t2018 bg a|||| ||||f00| 0 eng d |
| 999 |
|
|
|c 40027
|d 40027
|
| 020 |
|
|
|a 9789845191104
|
| 040 |
|
|
|a BD-DhAAL
|
| 041 |
|
|
|a ENG
|a BEN
|
| 082 |
|
|
|2 20
|a 331.1109549205
|
| 245 |
|
|
|a Report on labour force survey (LFS) 2016-17 /
|b Bangladesh Bureau of Statistics
|
| 260 |
|
|
|a Dhaka :
|b Bangladesh Bureau of Statistics (BBS),
|c 2018
|
| 300 |
|
|
|a xviii, 301 pages :
|b color illustrations ;
|c 28 cm.
|
| 500 |
|
|
|a Bangladesh Bureau of Statistics with technical support from the World Bank
|
| 526 |
|
|
|a AAL
|
| 541 |
|
|
|a Development Book Agency
|e 33741
|
| 650 |
|
|
|a Labor supply
|x Statistics
|z Bangladesh
|9 28080
|
| 650 |
|
|
|a Labor supply.
|9 28081
|
| 651 |
|
|
|a Bangladesh
|9 28082
|
| 710 |
|
|
|a Bangladesh Bureau of Statistics,
|b Statistics and Informatics Division,
|b Ministry of Planning,
|b Government of the People's Republic of Bangladesh
|9 28083
|
| 852 |
|
|
|a Ayesha Abed Library
|c General Stacks
|
| 942 |
|
|
|2 ddc
|c BK
|
| 952 |
|
|
|0 0
|1 0
|2 ddc
|4 0
|6 331_110954920500000_REP
|7 0
|9 64310
|a BRACUL
|b BRACUL
|c GEN
|d 2018-08-28
|e Development Book Agency
|g 700.00
|l 1
|o 331.1109549205 REP
|p 3010033741
|r 2023-10-03
|s 2023-06-01
|t 1
|v 700.00
|w 2018-08-28
|y BK
|